000 01239nam a22001937a 4500
999 _c63421
_d63421
003 Ge_BSU
005 20251007141521.0
008 251007s2013 ge ||||| |||| 00| 0 geo d
020 _a9789941199554
041 _ageo
080 _a61(031) უ-47
245 _aუნივერსალური სამედიცინო ენციკლოპედია :
_bადამიანის სხეულის ანატომია, ორგანოთა სისტემები, დაავადებების სიმპტომები, მკურნალობა, პრევენცია /
_cმთ. რედ. ნინო დეკანოსიძე; მთარგმნ.: თამარ ხუჭუა, აკაკი ბარკალაია.
264 _aთბილისი :
_bპალიტრა L,
_c2013.
300 _a608 გვ. ;
_b 25 სმ.
700 _aდეკანოსიძე, ნინო
_eმთ. რედაქტორი
_915790
700 _aხუჭუა, თამარ
_eმთარგმნელი
_924606
700 _aბარკალაია, აკაკი
_eმთარგმნელი
_924607
942 _2udc
_cᲬᲘᲒᲜᲘ